Principles of risk management and insurance

Gespeichert in:
Bibliographische Detailangaben
1. Verfasser: Rejda, George E.
Weitere Verfasser: McNamara, Michael J.
Format: Buch
Sprache:Englisch
Veröffentlicht: Harlow Pearson 2017
Ausgabe:13th ed.
Schriftenreihe:<The> Pearson series in finance
Schlagworte:
Tags: Tag hinzufügen
Keine Tags, Fügen Sie das erste Tag hinzu!

MARC

LEADER 00000nam a2200000 4500
001 0222691
005 20240221113125.7
020 |a 978-1-292-15103-8 
020 |a 1-292-15103-X 
041 0 |a eng 
044 |a GB 
245 1 0 |a Principles of risk management and insurance  |c George E. Rejda, Michael J. McNamara 
250 |a 13th ed. 
264 1 |a Harlow  |b Pearson  |c 2017 
300 |a 720 s. 
490 1 |a <The> Pearson series in finance 
830 0 |a <The> Pearson series in finance 
610 2 0 |a riziko 
610 2 0 |a riadenie rizík 
610 2 0 |a poisťovníctvo 
610 2 0 |a druhy poistenia 
610 2 0 |a podnik 
610 2 0 |a operácie obchodné 
610 2 0 |a poistenie 
610 2 0 |a regulácia 
610 2 0 |a zamestnanci 
610 2 0 |a poistenie zdravotné 
610 2 0 |a poistenie životné 
610 2 0 |a nehody dopravné 
610 2 0 |a vlastníctvo 
610 2 0 |a záväzky 
100 1 |a Rejda, George E. 
700 1 |a McNamara, Michael J.